00341nam a2200121Ia 4500008004100000020001500041040001200056082001300068100000800081245010800089260001400197300000800211200103s9999||||xx |||||||||||||| ||und|| a9280151096 aIMU-MPC aColumn-5 aIMO 0aCode for the Construction and Equipment of Mobile Offshore Drilling Units : consolidated edition, 2001. bIMOc2001 a140